Statistiken für Wörter für Anführer Quiz

Klicken Sie hier um das Quiz zu spielen!

Allgemein

  • Dieses Quiz wurde 4.411 mal gespielt
  • Das Durchschnittsergebnis liegt bei 13 aus 24

Antwortstatistiken

GruppeAnführer% Korrekt
modernes DeutschlandKanzler
97%
die katholische KirchePapst
97%
die Vereinigten StaatenPräsident
94%
eine StadtBürgermeister
90%
NazideutschlandFührer
86%
ein SchiffKapitän
86%
antikes ÄgyptenPharao
84%
ein ReichKaiser
83%
ein FürstentumFürst
78%
Russland, vor 1918Zar
77%
ein US-StaatGouverneur
50%
eine katholische DiözeseBischof
46%
die MongoleiKhan
42%
das Osmanische ReichSultan
35%
mittelalterliches VenedigDoge
33%
ein GremiumVorsitzender
33%
Iran, vor 1979Schah
32%
eine parlamentarische NationPremierminister
31%
das faschistische ItalienDuce
30%
die Römische Republik (zu zweit)Konsul
24%
Japan (militärischer Diktator, vor 1867)Shōgun
16%
die SchweizBundesrat
15%
die orthodoxe KirchePatriarch
15%
eine spanische KolonieVizekönig
8%

Verteilung der Resultate

Perzentil nach korrekt beantworteten Fragen

Anzahl Personen mit jedem Resultat

Ihre Resultats-Entwicklung

Sie haben dieses Quiz noch nicht gespielt